000 00303nam a2200133Ia 4500
005 20251222155048.0
008 251222s9999||||xx |||||||||||||| ||spa||
082 _aMEQ. 91
100 _aBRACKENRIDGE.
245 0 _aCómo Controlar su Diabetes
250 _a1ra. ed.
264 _bLilly
942 _cLIB
999 _c37186
_d37186